000 00598nam a2200205Ia 4500
005 20250508160822.0
008 008 250505s9999 xx 000 0 eng d
037 _aTextual
040 _aFEDL
_beng
_cFEDL
041 _aeng
_2eng
084 _a332.4, SRI
_qFEDL
100 _aSrivastava S. K.
245 0 _aMonetary economics : An analysis of money and banking with special reference to India
250 _a3rd
260 _aDelhi, India
_bAtma Ram and Sons
_c1972
300 _axvi,705p.
650 _aEconomics
942 _cTEXL
_h332.4, SRI
999 _c1366797
_d1366797